LEADER 01246nam a2200253 4500 001 000000345285 003 CaOOAMICUS 005 20210408154915.0 008 210408s2018 it 000 u ita r 040 $aSeMil$bita 100 1 $aStaglianò, Antonio,$c.$0(OLS)http://semarc/name/19256 245 10$aPolitikón :$btutto è politico, la politica non è tutto : l'impegno del cristiano cattolico per il servizio al bene comune /$cAntonio Staglianò. 264 1$aRosolini (SR) :$bSantocono,$c2018. 300 $a127 p. ;$c18 cm 490 1 $aTeologia per tutti ;$v7 650 4$aTeologia pastorale.$0(OLS)http://semarc/subject/721 650 4$aPolitica - Concezione cristiana.$0(OLS)http://semarc/subject/5029 830 0$aTeologia per tutti ;$v7.$0(OLS)http://semarc/title/202498 850 $aSeMil 852 $aSeMil$W1$xVenegono$y1$m2D VII 77$j225530$B236371$CSeMilBibl$Z2$F236371 $81 961 $aStaglianò mons. Antonio - Omaggio 996 $6245$aPolitikón :$btutto è politico, la politica non è tutto : l'impegno del cristiano cattolico per il servizio al bene comune$9(OLS)http://semarc/title/434411 996 $6264$aRosolini (SR) :$bSantocono$9(OLS)http://semarc/publisher/55610 LEADER 02302nam a2200385 i 4500 001 000000042044 003 CaOOAMICUS 005 20181126161255.0 008 090824s1994 fr u000 u fre u 013 $a13214 020 $a2-7010-1316-X 040 $aSeMil$bita 245 10$aHistoire et théologie :$bactes de la Journée d'études de l'Association française d'histoire religieuse contemporaine : [26 septembre 1992] /$csous la direction de Jean-Dominique Durand. 260 $aParis :$bBeauchesne,$c1994. 490 0 $aBibliothèque Beauchesne ;$v27 650 4$aTeologia - Storia.$0(OLS)http://semarc/subject/364 650 4$aStoria - Aspetti religiosi - Cristianesimo - Atti di congressi.$0(OLS)http://semarc/subject/8949 700 1 $aDurand, Jean-Dominique <1950- >.$0(OLS)http://semarc/name/6113 700 1 $aAssociation française d'histoire religieuse contemporaine.$0(OLS)http://semarc/name/20742 774 0 $aLanglois, Claude$tHistorien devant la theologie [sic].$w()293575 774 0 $aVallin, Pierre $tDiscours théologique et pratiques historiennes.$w()293576 774 0 $aBoutry, Philippe <1954- >$tTradition et autorité dans la théologie catholique au tournant des 18. et 19. siècles.$w()293577 774 0 $aGibson, Ralph$tThéologie et société en France au 19. siècle.$w()293578 774 0 $aPrévotat, Jacques$tHistorien face a la théologie.$w()293579 774 0 $aBedouelle, Guy $tHistoire comme sagesse dans la pensée du cardinal Journet.$w()293580 774 0 $aFouilloux, Étienne$tThéologiens romains a [sic] veille de Vatican 2.$w()293581 774 0 $aLaplanche, François <1928-2009>$tHistoire et théologie.$w()293582 830 0$aBibliothèque Beauchesne ;$v27.$0(OLS)http://semarc/title/27815 850 $aSeMil 852 $aSeMil$W1$xVenegono$y1$m2B II 418$j8199$B8199$CSeMilBibl$Z2$F8199 $81 961 $aAcquisto: Casa editrice 996 $6020$a2-7010-1316-X$9(OLS)http://semarc/number/13122 996 $6245$aHistoire et théologie :$bactes de la Journée d'études de l'Association française d'histoire religieuse contemporaine : [26 septembre 1992]$9(OLS)http://semarc/title/61174 996 $6260$aParis :$bBeauchesne$9(OLS)http://semarc/publisher/29638